000 00443nam a2200181Ia 4500
001 8603
005 20260306160621.0
008 260306t2008||||xx |||||||||||||| ||spa||
041 _aESP
082 _a371.2
_bF63
100 _aFlores Opazo, Pedro
_eAUT
245 0 _aLa revolución del aprendizaje:
_bel docente Coach
260 _c2008
300 _a173 pƔginas :
_c24 cm.
650 _aGEN
654 _aCED
942 _cLIB
_dJUS
_fJUS
_2ddc
_n
999 _c8603
_d8603